<?xml version="1.0" encoding="UTF-8"?>
<record
    xmlns:xsi="http://www.w3.org/2001/XMLSchema-instance"
    xsi:schemaLocation="http://www.loc.gov/MARC21/slim http://www.loc.gov/standards/marcxml/schema/MARC21slim.xsd"
    xmlns="http://www.loc.gov/MARC21/slim">

  <leader>00529nam a2200133Ia 4500</leader>
  <controlfield tag="008">100328s9999    xx            000 0 und d</controlfield>
  <datafield tag="082" ind1=" " ind2=" ">
    <subfield code="b">36009</subfield>
  </datafield>
  <datafield tag="100" ind1=" " ind2=" ">
    <subfield code="a">&#x928;&#x93E;&#x908;&#x915; &#x930;&#x93E;&#x91C;&#x940;&#x935; &#x906;&#x923;&#x93F; &#x924;&#x93E;&#x92A;&#x93E;&#x938; &#x935;&#x93F;&#x91C;&#x92F; &#x907;.</subfield>
  </datafield>
  <datafield tag="245" ind1=" " ind2=" ">
    <subfield code="a">&#x930;&#x919;&#x917;&#x928;&#x93E;&#x92F;&#x915; &#x905;&#x930;&#x935;&#x93F;&#x902;&#x926; &#x926;&#x947;&#x936;&#x92A;&#x93E;&#x902;&#x921;&#x947;</subfield>
  </datafield>
  <datafield tag="260" ind1=" " ind2=" ">
    <subfield code="b">&#x905;&#x935;&#x93F;&#x937;&#x94D;&#x915;&#x93E;&#x930;</subfield>
  </datafield>
  <datafield tag="630" ind1=" " ind2=" ">
    <subfield code="a">&#x930;&#x919;&#x917;&#x928;&#x93E;&#x92F;&#x915; &#x905;&#x930;&#x935;&#x93F;&#x902;&#x926; &#x926;&#x947;&#x936;&#x92A;&#x93E;&#x902;&#x921;&#x947;</subfield>
  </datafield>
  <datafield tag="730" ind1=" " ind2=" ">
    <subfield code="a">&#x930;&#x919;&#x917;&#x928;&#x93E;&#x92F;&#x915; &#x905;&#x930;&#x935;&#x93F;&#x902;&#x926; &#x926;&#x947;&#x936;&#x92A;&#x93E;&#x902;&#x921;&#x947;</subfield>
  </datafield>
  <datafield tag="942" ind1=" " ind2=" ">
    <subfield code="c">BOOK</subfield>
  </datafield>
  <datafield tag="999" ind1=" " ind2=" ">
    <subfield code="c">525747</subfield>
    <subfield code="d">525744</subfield>
  </datafield>
  <datafield tag="952" ind1=" " ind2=" ">
    <subfield code="0">0</subfield>
    <subfield code="1">0</subfield>
    <subfield code="4">0</subfield>
    <subfield code="7">0</subfield>
    <subfield code="a">RNV</subfield>
    <subfield code="b">RNV</subfield>
    <subfield code="d">2010-03-28</subfield>
    <subfield code="l">0</subfield>
    <subfield code="p">RNV-36009</subfield>
    <subfield code="r">2010-03-28 00:00:00</subfield>
    <subfield code="w">2010-03-28</subfield>
    <subfield code="y">BOOK</subfield>
  </datafield>
</record>
